Χιακά ανάλεκτα : ήτοι συλλογή ηθών,εθίμων,παροιμιών,δημωδών ασμάτων,αινιγμάτων,λεξιλογίου,ιστορικών και άλλων χειρογράφων,χρυσοβούλλων,σιγιλλιών κλπ.
Αποθηκεύτηκε σε:
| Κύριος συγγραφέας: | |
|---|---|
| Μορφή: | Βιβλίο |
| Γλώσσα: | Greek |
| Δημοσίευση: |
Αθήνα :
Χίος Ημερολόγιο,
1983
|
| Θέματα: | |
| Ετικέτες: |
Προσθήκη ετικέτας
Δεν υπάρχουν, Καταχωρήστε ετικέτα πρώτοι!
|
MARC
| LEADER | 00000cam a2200000 i 4500 | ||
|---|---|---|---|
| 001 | 1/59093 | ||
| 008 | 960314s1983 gre d | ||
| 035 | |l 10028480 | ||
| 040 | |a GR-MY-UA |b gre |e aacr | ||
| 041 | 0 | |a gre | |
| 082 | 0 | |a 398.09499 | |
| 100 | 1 | |a Κανελλάκης, Κωνσταντίνος Ν., |d 1846-1917. | |
| 245 | 1 | 0 | |a Χιακά ανάλεκτα : |b ήτοι συλλογή ηθών,εθίμων,παροιμιών,δημωδών ασμάτων,αινιγμάτων,λεξιλογίου,ιστορικών και άλλων χειρογράφων,χρυσοβούλλων,σιγιλλιών κλπ. / |c Κωνσταντίνος Ν.Κανελλάκης |
| 260 | |a Αθήνα : |b Χίος Ημερολόγιο, |c 1983 | ||
| 300 | |a 540 σ. | ||
| 650 | 0 | 0 | |a Folk songs, Greek |z Greece |z Chios (Municipality) |
| 650 | 0 | 0 | |a Proverbs, Greek |z Greece |z Chios Island. |
| 852 | |a INST |b CHIOS |e 19960314 |h 398.09499 ΚΑΝ |p 005200003199 |q 005200003199 |t BK |y 0 | ||
| 909 | |a Χ |b 010179 | ||